Mujeres, deporte y rendimiento: perspectiva fisiológica

Zapisane w:
Opis bibliograficzny
1. autor: Wells, Christine L (Autor)
Format: Książka
Język:hiszpański
Wydane: Barcelona Paidotribo 1992
Seria:Colección cuerpo sano
Hasła przedmiotowe:
Etykiety: Dodaj etykietę
Nie ma etykietki, Dołącz pierwszą etykiete!

MARC

LEADER 00000nam a2200000 a 4500
001 UCW7860
003 CL-VaPUC
008 930923e19920000SP |||||||||||||||||spa|d
082 0 4 |a 796.41  |b WEL  |2 21 
100 0 |a Wells, Christine L  |e author  |9 313076 
245 1 0 |a Mujeres, deporte y rendimiento: perspectiva fisiológica 
300 |a 2 v 
942 |c BK 
945 |d 19930923 00:00:00 
260 |a Barcelona  |b Paidotribo  |c 1992 
650 0 |a Atletismo  |9 307422 
650 7 |a ENTRENAMIENTO ATLETICO  |2 CL-VaPUC  |9 313077 
650 7 |a MUJERES ATLETAS  |2 CL-VaPUC  |9 313078 
583 |a last modification  |c 19930923 00:00:00  |k Rodrigo Vera 
490 0 |a Colección cuerpo sano 
999 |c 220501  |d 220499 
952 |0 0  |1 0  |4 0  |6 796_410000000000000_WEL_1992  |7 0  |8 A  |9 212812  |a BIBEDU  |b BIBEDU  |d 2019-11-15  |h v.1  |i 2809869  |o 796.41 WEL 1992  |p 2809869  |r 2019-11-15  |w 2019-11-15  |y BK  |k EDU 
952 |0 0  |1 0  |4 0  |6 796_410000000000000_WEL_1992  |7 0  |8 A  |9 212813  |a BIBEDU  |b BIBEDU  |d 2019-11-15  |h v.2  |i 2809877  |o 796.41 WEL 1992  |p 2809877  |r 2019-11-15  |w 2019-11-15  |y BK  |k EDU 
952 |0 0  |1 0  |4 0  |6 796_410000000000000_WEL_1992  |7 0  |8 A  |9 212814  |a BIBEDU  |b BIBEDU  |d 2019-11-15  |h v.1  |i 3030717  |o 796.41 WEL 1992  |p 3030717  |r 2019-11-15  |w 2019-11-15  |y BK  |k EFI 
952 |0 0  |1 0  |4 0  |6 796_410000000000000_WEL_1992  |7 0  |8 A  |9 212815  |a BIBEDU  |b BIBEDU  |d 2019-11-15  |h v.2  |i 3030725  |o 796.41 WEL 1992  |p 3030725  |r 2019-11-15  |w 2019-11-15  |y BK  |k EFI 
952 |0 0  |1 0  |4 0  |6 796_410000000000000_WEL_1992  |7 0  |8 A  |9 212816  |a BIBEDU  |b BIBEDU  |d 2019-11-15  |h v.1  |i 3608093  |o 796.41 WEL 1992  |p 3608093  |r 2019-11-15  |w 2019-11-15  |y BK  |k EFI 
952 |0 0  |1 0  |4 0  |6 796_410000000000000_WEL_1992  |7 0  |8 A  |9 212817  |a BIBEDU  |b BIBEDU  |d 2019-11-15  |h v.2  |i 3608107  |o 796.41 WEL 1992  |p 3608107  |r 2019-11-15  |w 2019-11-15  |y BK  |k EFI